<?xml version="1.0" encoding="UTF-8"?>
<record
    xmlns:xsi="http://www.w3.org/2001/XMLSchema-instance"
    xsi:schemaLocation="http://www.loc.gov/MARC21/slim http://www.loc.gov/standards/marcxml/schema/MARC21slim.xsd"
    xmlns="http://www.loc.gov/MARC21/slim">

  <leader>00966nam a2200241 a 4500</leader>
  <controlfield tag="001">BRCA_1986</controlfield>
  <controlfield tag="005">20190320203627.0</controlfield>
  <controlfield tag="008">171005s2002----sp-a---###---#000-0#spa-d</controlfield>
  <datafield tag="020" ind1=" " ind2=" ">
    <subfield code="a">8476284047</subfield>
  </datafield>
  <datafield tag="050" ind1=" " ind2="4">
    <subfield code="a">N6553</subfield>
    <subfield code="b">.T47 2002</subfield>
  </datafield>
  <datafield tag="100" ind1="1" ind2=" ">
    <subfield code="a">Tervarent, Guy de</subfield>
    <subfield code="9">6088</subfield>
  </datafield>
  <datafield tag="245" ind1="1" ind2="0">
    <subfield code="a">Atributos y s&#xED;mbolos del arte profano</subfield>
    <subfield code="b">diccionario de un lenguaje perdido</subfield>
    <subfield code="c">Guy de Tervarent ; traducci&#xF3;n Jos&#xE9; Mar&#xED;a Sousa Jim&#xE9;nez.</subfield>
  </datafield>
  <datafield tag="260" ind1=" " ind2=" ">
    <subfield code="a">Espa&#xF1;a</subfield>
    <subfield code="b">Serbal</subfield>
    <subfield code="c">2002</subfield>
  </datafield>
  <datafield tag="300" ind1=" " ind2=" ">
    <subfield code="a">549 p.</subfield>
    <subfield code="c">21 cm.</subfield>
  </datafield>
  <datafield tag="440" ind1=" " ind2="0">
    <subfield code="a">Cultura art&#xED;stica</subfield>
    <subfield code="v">20</subfield>
    <subfield code="9">6089</subfield>
  </datafield>
  <datafield tag="500" ind1=" " ind2=" ">
    <subfield code="a">Incluye &#xED;ndice de entidades inmateriales</subfield>
  </datafield>
  <datafield tag="500" ind1=" " ind2=" ">
    <subfield code="a">Traducci&#xF3;n de : Attributs et symboles dans l`art profane. Dictionaire d&#xB4;un langage perdu : 1450-1600</subfield>
  </datafield>
  <datafield tag="650" ind1="1" ind2="4">
    <subfield code="a">Simbolismo</subfield>
    <subfield code="v">Diccionarios</subfield>
    <subfield code="x">Arte profano</subfield>
    <subfield code="z">Espa&#xF1;a</subfield>
    <subfield code="9">6090</subfield>
  </datafield>
  <datafield tag="700" ind1="1" ind2=" ">
    <subfield code="a">Sousa Jim&#xE9;nez, Jos&#xE9; Mar&#xED;a</subfield>
    <subfield code="9">6091</subfield>
  </datafield>
  <datafield tag="740" ind1="0" ind2=" ">
    <subfield code="a">Atributs et symboles dans l&#xB4;art profane. Dictionaire d&#xB4;un langage perdu : 1450-1600</subfield>
  </datafield>
  <datafield tag="902" ind1=" " ind2=" ">
    <subfield code="a">REF</subfield>
  </datafield>
  <datafield tag="942" ind1=" " ind2=" ">
    <subfield code="2">lcc</subfield>
    <subfield code="c">B</subfield>
  </datafield>
  <datafield tag="999" ind1=" " ind2=" ">
    <subfield code="c">1754</subfield>
    <subfield code="d">1754</subfield>
  </datafield>
  <datafield tag="952" ind1=" " ind2=" ">
    <subfield code="0">0</subfield>
    <subfield code="1">0</subfield>
    <subfield code="4">0</subfield>
    <subfield code="7">0</subfield>
    <subfield code="a">BRCA</subfield>
    <subfield code="b">BRCA</subfield>
    <subfield code="d">2008-07-30</subfield>
    <subfield code="l">0</subfield>
    <subfield code="o">N6553 .T47 2002</subfield>
    <subfield code="p">REF00149</subfield>
    <subfield code="r">2019-03-22 00:00:00</subfield>
    <subfield code="w">2019-03-22</subfield>
    <subfield code="y">B</subfield>
  </datafield>
</record>
